| 000 | 00849nam a22003010a 4500 | ||
|---|---|---|---|
| 001 | PT59212 | ||
| 003 | AR-LpoUNG | ||
| 005 | 20260130013957.0 | ||
| 008 | 201001s2016||||ag |||||||||||||||||spa d | ||
| 020 |
_a9789876302524 _c$4 |
||
| 040 |
_aAR-LpoUNG _bspa _eaacr |
||
| 041 | 0 | _aspa | |
| 044 | _aag | ||
| 082 | 0 | _a822 527ham | |
| 100 | 1 | _aShakespeare, William | |
| 245 | 1 | 0 | _aHamlet |
| 250 | _a1ra. ed. | ||
| 260 |
_aLos Polvorines : _bUniversidad Nacional de General Sarmiento, _c2016. |
||
| 300 |
_a 199 p. : _btbls., gráfs. |
||
| 490 | 0 | _aTraducciones literarias argentinas | |
| 650 | 4 | _aLITERATURA | |
| 650 | 4 | _aTEATRO | |
| 653 | _aLITERATURA INGLESA | ||
| 700 | 1 |
_aRinesi, Eduardo _eprelim. _95 |
|
| 856 | 4 | 0 |
_uhttp://repositorio.ungs.edu.ar:8080/xmlui/handle/UNGS/804 _yTexto completo |
| 905 | _a59212 | ||
| 942 |
_cLSALA _2ddc |
||
| 999 |
_c51515 _d51515 |
||